000 00471nam a2200205Ia 4500
005 20251020182540.0
008 200515s9999 xx 000 0 und d
082 _a728.54/C96/1
100 _aCUSA, Juan de
245 0 _aRehabilitación de viviendas 1
260 _aBarcelona
260 _c1994
300 _a272
500 _a1 ejemplar
650 _aCALEFACCION
650 _aHUMEDAD
650 _aLIB
650 _aREHABILITACION DE VIVIENDAS
942 _cLIB
999 _c2363
_d2363